Μεθοδολογία επίλυσης συγκρούσεων σε προβλήματα που δημιουργούνται από ζητήματα διαχείρισης καριέρας : διπλωματική εργασία
Saved in:
| Main Author: | |
|---|---|
| Corporate Author: | |
| Other Authors: | |
| Format: | Thesis Book |
| Language: | Greek |
| Published: |
2012
|
| Subjects: | |
| Online Access: | http://hdl.handle.net/11610/13593 |
| Tags: |
Add Tag
No Tags, Be the first to tag this record!
|
MARC
| LEADER | 00000cam a2200000 i 4500 | ||
|---|---|---|---|
| 001 | 1/39868 | ||
| 008 | 140109s2012 gre d | ||
| 035 | |l 10116282 | ||
| 040 | |a GR-MY-UA |b gre |e aacr | ||
| 041 | 0 | |a gre | |
| 082 | 0 | |a 658.3 |2 (22) | |
| 100 | 1 | |a Αναγνωστοπούλου, Αικατερίνη. | |
| 245 | 1 | 0 | |a Μεθοδολογία επίλυσης συγκρούσεων σε προβλήματα που δημιουργούνται από ζητήματα διαχείρισης καριέρας : |b διπλωματική εργασία / |c Αναγνωστοπούλου Αικατερίνη ; επιβλέπων: Κωνσταντόπουλος Νικόλαος |
| 260 | |c 2012 | ||
| 300 | |a 127 σ.; |b πίν.; |c 30 εκ. | ||
| 502 | # | # | |a Διατριβή (μεταπτυχιακή) – Πανεπιστήμιο Αιγαίου, Χίος, 2012. |
| 504 | |a Περιλαμβάνει βιβλιογραφία | ||
| 650 | 0 | 0 | |a Personnel management. |
| 650 | 0 | 0 | |a Organizational behavior. |
| 650 | 0 | 0 | |a Career development. |
| 650 | 0 | 0 | |a Industrial sociology. |
| 650 | 0 | 0 | |a Dissertations, Academic |z Greece. |
| 700 | 1 | |4 ths |a Κωνσταντόπουλος, Νικόλαος. | |
| 710 | 1 | |a Πανεπιστήμιο Αιγαίου |b Σχολή Επιστημών της Διοίκησης |b Τμήμα Διοίκησης Επιχειρήσεων |b Πρόγραμμα Μεταπτυχιακών Σπουδών στη Διοίκηση Επιχειρήσεων - M.B.A. | |
| 852 | |a INST |b CHIOS |c DIATR |e 20140109 |h 658.3 ΑΝΑ |p 005200036636 |q 005200036636 |t MTXE |y 23 | ||
| 852 | |a INST |b CHIOS |c DIATR |e 20140109 |h 658.3 ΑΝΑ |p 005200036637 |q 005200036637 |t MTXE |y 23 | ||
| 856 | |u http://hdl.handle.net/11610/13593 | ||
| 901 | |a BIBL2-2014-1 | ||
| 909 | |a Χ |b 179689 | ||
| 909 | |a Χ |b 179690 | ||
| 924 | |a ΑΝΑΓΝΩΣΤΟΠΟΥΛΟΥ |b ΑΙΚΑΤΕΡΙΝΗ |y ΧΙΟΣ |z 2012-12 | ||
| 970 | |a ΠΑΡΟΙΚΑΚΗ |b ΒΑΣΙΛΙΚΗ |z 2014/01/09 | ||